[Event "XII Weekend B"]
[Site "Gorgonzola ITA"]
[Date "2007.11.18"]
[Round "6"]
[White "Carbone, Lorenzo"]
[Black "Primerano, Carlo"]
[Result "0-1"]
[WhiteElo "1755"]
[BlackElo "1761"]
[PlyCount "107"]
[EventDate "2007.11.10"]

1. e4 d5 2. exd5 Qxd5 3. Nc3 Qa5 4. d4 Nf6 5. Bd2 c6 6. h3 Bf5 7. Ne4 Qc7 8.
Nxf6+ gxf6 9. Nf3 Nd7 10. Nh4 Be6 11. Bd3 O-O-O 12. Qe2 Nb6 13. Be3 Nd5 14. a3
Nxe3 15. Qxe3 Kb8 16. O-O-O h5 17. f4 Bh6 18. g3 Qd7 19. Bf1 Qc7 20. Kb1 Rhg8
21. Rg1 Qd7 22. Rh1 Qd5 23. Bd3 Qa2+ 24. Kc1 Qa1+ 25. Kd2 Qxb2 26. Ra1 Qxd4 27.
Qe1 Bxf4+ 28. gxf4 Qxf4+ 29. Kd1 Rg3 30. Rf1 Qxh4 31. Rf3 Rxd3+ 32. cxd3 Qa4+
33. Ke2 Qc2+ 34. Ke3 Rxf3+ 35. Kxf3 Qxd3+ 36. Kf2 Qxh3 37. Qg1 Qh4+ 38. Ke2
Qg4+ 39. Ke3 Qxg1+ 40. Rxg1 Bg4 41. Kf4 Kc7 42. Rb1 e5+ 43. Ke4 b6 44. Rf1 f5+
45. Kxe5 Kd7 46. Kf6 h4 47. Kxf7 h3 48. Kf6 Kd6 49. Kg5 c5 50. Kf4 c4 51. Rf2
Kc5 52. Kg3 b5 53. Rb2 a6 54. Rd2 0-1

[Event "XII Weekend B"]
[Site "Gorgonzola ITA"]
[Date "2007.11.18"]
[Round "6"]
[White "Ciciotti, Augusto"]
[Black "Coladangelo, Andrea"]
[Result "0-1"]
[WhiteElo "1877"]
[BlackElo "1809"]
[PlyCount "76"]
[EventDate "2007.11.10"]

1. d4 Nf6 2. c4 g6 3. Nc3 Bg7 4. Nf3 d6 5. g3 O-O 6. Bg2 c5 7. d5 Bd7 8. O-O
Qc8 9. e4 Bh3 10. Re1 Bxg2 11. Kxg2 Ng4 12. h3 Ne5 13. Nd2 Nd3 14. Re3 Nxc1 15.
Rxc1 Nd7 16. f4 a6 17. Nf3 b5 18. Qe2 bxc4 19. Qxc4 Nb6 20. Qe2 Qb7 21. Rd1
Rfd8 22. Kh2 Rab8 23. b3 Rbc8 24. a3 a5 25. Qb5 Qa7 26. Ne2 c4 27. Ned4 Rc5 28.
Nc6 Qc7 29. Qxc5 dxc5 30. Nxd8 Qxd8 31. bxc4 Nxc4 32. Rb3 a4 33. Rb5 Nxa3 34.
Rxc5 Qb6 35. Rc8+ Bf8 36. Kg2 Nb5 37. Ne5 Nd6 38. Nd7 Qb2+ 0-1

[Event "XII Weekend B"]
[Site "Gorgonzola ITA"]
[Date "2007.11.18"]
[Round "6"]
[White "Maccarini, Luca Nicola"]
[Black "Virzi, Ettore"]
[Result "1/2-1/2"]
[WhiteElo "1884"]
[BlackElo "1956"]
[PlyCount "30"]
[EventDate "2007.11.10"]

1. d4 Nf6 2. Nf3 g6 3. c4 Bg7 4. Nc3 O-O 5. e4 d6 6. h3 c5 7. d5 b5 8. cxb5 a6
9. a4 Nfd7 10. Bd3 axb5 11. Nxb5 Na6 12. O-O Nb4 13. Ra3 Nb6 14. b3 f5 15. Bc4
h6 1/2-1/2

[Event "XII Weekend B"]
[Site "Gorgonzola ITA"]
[Date "2007.11.18"]
[Round "6"]
[White "Milanesi, Erminio"]
[Black "Acunzo, Domenico"]
[Result "1-0"]
[WhiteElo "1867"]
[BlackElo "1775"]
[PlyCount "71"]
[EventDate "2007.11.10"]

1. e4 e6 2. d3 d5 3. Nd2 c5 4. g3 g6 5. Bg2 Bg7 6. Nh3 Ne7 7. O-O Nbc6 8. f4
Qb6 9. e5 Nf5 10. Nf3 h6 11. c3 Bd7 12. g4 Nfe7 13. Rb1 d4 14. c4 Qa6 15. a3
Rb8 16. Nf2 b6 17. Ne4 Nc8 18. b4 cxb4 19. axb4 Qb7 20. b5 Na5 21. Nxd4 Qc7 22.
Ba3 Qd8 23. Nd6+ Nxd6 24. Bxd6 Nb7 25. Bxb8 Qxb8 26. Nc6 Bxc6 27. Bxc6+ Ke7 28.
d4 Rd8 29. d5 exd5 30. cxd5 Kf8 31. Qf3 Kg8 32. d6 Nc5 33. Rbe1 Ne6 34. f5 Ng5
35. Qe3 f6 36. e6 1-0

[Event "XII Weekend B"]
[Site "Gorgonzola ITA"]
[Date "2007.11.18"]
[Round "6"]
[White "Olivo, Mario"]
[Black "Crippa, Mario"]
[Result "1-0"]
[WhiteElo "1887"]
[BlackElo "1901"]
[PlyCount "77"]
[EventDate "2007.11.10"]

1. c4 c5 2. Nf3 Nc6 3. Nc3 g6 4. d4 cxd4 5. Nxd4 Bg7 6. Nxc6 bxc6 7. e4 Qc7 8.
Be3 Nf6 9. Be2 O-O 10. Qd2 Rd8 11. Bf4 d6 12. Rd1 Bg4 13. f3 Be6 14. O-O Nd7
15. Be3 h5 16. f4 f5 17. exf5 Bxf5 18. h3 Nf6 19. Qe1 Kf7 20. Bf3 Rab8 21. Qe2
Rh8 22. Bd4 Rbe8 23. Qf2 a6 24. Bb6 Qc8 25. a4 h4 26. Rfe1 Nh5 27. Bxh5 Rxh5
28. Bd4 e5 29. fxe5 dxe5 30. Ne4 Bf8 31. Bc5 Kg7 32. Nd6 Bxd6 33. Rxd6 Rf8 34.
Qf3 e4 35. Bd4+ Kh7 36. Qc3 Rg5 37. Re3 Rf7 38. Bf6 Rh5 39. Rd8 1-0

[Event "XII Weekend B"]
[Site "Gorgonzola ITA"]
[Date "2007.11.18"]
[Round "6"]
[White "Quagliarella, Sabino Remo"]
[Black "Agrifoglio, Fabio"]
[Result "0-1"]
[WhiteElo "1950"]
[BlackElo "1989"]
[PlyCount "128"]
[EventDate "2007.11.10"]

1. d4 g6 2. e4 d6 3. c4 Bg7 4. Nf3 c6 5. Nc3 Bg4 6. Be2 Qb6 7. Be3 Qxb2 8. Rc1
Qb6 9. O-O Qc7 10. h3 Bxf3 11. Bxf3 Nd7 12. Qd2 Ngf6 13. Be2 O-O 14. f4 e5 15.
fxe5 dxe5 16. d5 Qd6 17. Rcd1 Nc5 18. Bf3 cxd5 19. cxd5 a6 20. a4 Rac8 21. a5
Nb3 22. Qe1 Qb4 23. Na2 Qxe1 24. Rfxe1 Nxa5 25. Rb1 Rc2 26. Nb4 Rc3 27. Bd2 Rb3
28. Rbc1 b5 29. Nxa6 Nc4 30. Bg5 h6 31. Nc5 Rxf3 32. gxf3 hxg5 33. Kg2 Rc8 34.
Nd3 Nh5 35. Rb1 Nd6 36. Rec1 Rxc1 37. Rxc1 Nf4+ 38. Nxf4 exf4 39. Kf2 Kf8 40.
Ke2 Ke8 41. Rc6 Kd7 42. Kd3 Be5 43. Rc5 f5 44. Rc1 fxe4+ 45. fxe4 Nc4 46. Ke2
Kd6 47. Rg1 Bf6 48. h4 gxh4 49. Rxg6 Ke5 50. Kd3 Nd6 51. Rg8 b4 52. Rb8 b3 53.
Rxb3 Nxe4 54. Rb4 Nd6 55. Ke2 Ne4 56. Kf3 Ng5+ 57. Kg4 f3 58. Rf4 h3 59. Rf5+
Ke4 60. Rxf6 h2 61. Kxg5 h1=Q 62. d6 Qg2+ 63. Kh6 Ke5 64. d7 Qh3+ 0-1

[Event "XII Weekend B"]
[Site "Gorgonzola ITA"]
[Date "2007.11.18"]
[Round "6"]
[White "Ragoso, Mario"]
[Black "Murli, Almerico"]
[Result "0-1"]
[WhiteElo "1877"]
[BlackElo "1851"]
[PlyCount "44"]
[EventDate "2007.11.10"]

1. d4 Nf6 2. c4 g6 3. Nc3 Bg7 4. e4 d6 5. h3 O-O 6. Bd3 e5 7. d5 a5 8. Be3 c6
9. c5 cxd5 10. exd5 dxc5 11. Bxc5 Re8 12. d6 Na6 13. Ba3 e4 14. Bc4 e3 15. f3
Nh5 16. Nge2 Qh4+ 17. g3 Nxg3 18. Nxg3 Qxg3+ 19. Ke2 Bxc3 20. bxc3 Qf2+ 21. Kd3
Bf5+ 22. Kd4 e2+ 0-1

[Event "XII Weekend B"]
[Site "Gorgonzola ITA"]
[Date "2007.11.18"]
[Round "6"]
[White "Rossi, Giampiero"]
[Black "Altieri, Danilo Mario"]
[Result "0-1"]
[WhiteElo "1991"]
[BlackElo "1948"]
[PlyCount "84"]
[EventDate "2007.11.10"]

1. d4 d5 2. c4 c6 3. cxd5 cxd5 4. Nc3 e6 5. Nf3 Nc6 6. Bf4 Bd6 7. Bxd6 Qxd6 8.
e3 f5 9. Be2 a6 10. O-O Nf6 11. Rc1 O-O 12. Qc2 Bd7 13. Na4 Nb4 14. Qc5 Qxc5
15. Nxc5 Nxa2 16. Nxd7 Nxd7 17. Rc7 Nf6 18. Rxb7 Rfb8 19. Rxb8+ Rxb8 20. Bxa6
Rxb2 21. Ne5 Ne4 22. Bd3 Nd2 23. Re1 Nc3 24. f3 Nb3 25. Bf1 Rd2 26. Nd3 Rd1 27.
Kf2 Rd2+ 28. Kg3 Nd1 29. Nc5 Na1 30. Nxe6 Nc2 31. Re2 Ncxe3 32. Rxd2 Nxf1+ 33.
Kf4 Nxd2 34. Kxf5 Ne3+ 35. Ke5 Ndc4+ 36. Kf4 Nxg2+ 37. Kg3 Nge3 38. Kf4 Kf7 39.
Ng5+ Kg6 40. Ne6 Kf6 41. Nf8 h6 42. Nd7+ Ke7 0-1

[Event "XII Weekend B"]
[Site "Gorgonzola ITA"]
[Date "2007.11.18"]
[Round "6"]
[White "Santandrea, Marco"]
[Black "Giallombardo, Federico"]
[Result "1/2-1/2"]
[WhiteElo "1837"]
[BlackElo "1544"]
[PlyCount "43"]
[EventDate "2007.11.10"]

1. e4 c5 2. c3 d5 3. exd5 Qxd5 4. d4 Nf6 5. Nf3 e6 6. Be2 Be7 7. O-O O-O 8. Ne5
cxd4 9. cxd4 Rd8 10. Be3 Nbd7 11. Nc3 Qa5 12. Nxd7 Bxd7 13. Qb3 Bc6 14. Rac1
Nd5 15. Nxd5 Bxd5 16. Bc4 Bc6 17. Be2 Rd7 18. a3 Rad8 19. Qc3 Qf5 20. Qc2 Be4
21. Qc3 Qg6 22. f3 {...} 1/2-1/2

[Event "XII Weekend B"]
[Site "Gorgonzola ITA"]
[Date "2007.11.18"]
[Round "6"]
[White "Santelli, Francesco"]
[Black "De La Pena, Elmer"]
[Result "0-1"]
[WhiteElo "1860"]
[BlackElo "1919"]
[PlyCount "86"]
[EventDate "2007.11.10"]

1. e4 c5 2. Nf3 Nc6 3. d4 cxd4 4. Nxd4 Nf6 5. Nc3 e5 6. Ndb5 d6 7. Bg5 Be7 8.
Bxf6 Bxf6 9. Nd5 O-O 10. Nxf6+ Qxf6 11. Qxd6 Qg5 12. Qd2 Qg6 13. Bd3 Qxg2 14.
O-O-O Qf3 15. Rhg1 Qf4 16. Qxf4 exf4 17. Nc7 Rb8 18. Nd5 f5 19. h4 Kh8 20. h5
Nd4 21. c3 fxe4 22. cxd4 exd3 23. Rxd3 Be6 24. Nc3 b5 25. b3 Rfc8 26. Kb2 Bf5
27. Rd2 Rb7 28. Rg5 g6 29. hxg6 hxg6 30. Nd5 Rc6 31. Nxf4 Rbc7 32. Rg1 b4 33.
d5 Rc2+ 34. Rxc2 Rxc2+ 35. Ka1 Kg7 36. Ne6+ Kf6 37. Nd4 Rxf2 38. Nc6 Rf4 39.
Rd1 g5 40. Nxa7 g4 41. Nb5 g3 42. Nd4 g2 43. Kb2 Rxd4 0-1

[Event "XII Weekend B"]
[Site "Gorgonzola ITA"]
[Date "2007.11.18"]
[Round "6"]
[White "Scarabelli, Maurizio"]
[Black "Guerra, Efrain"]
[Result "1-0"]
[WhiteElo "1902"]
[BlackElo "1900"]
[PlyCount "73"]
[EventDate "2007.11.10"]

1. e4 c5 2. Nf3 Nc6 3. d4 cxd4 4. Nxd4 d6 5. Bb5 Qc7 6. O-O e6 7. Re1 Be7 8.
Nc3 Nf6 9. Kh1 O-O 10. Nxc6 bxc6 11. Bd3 e5 12. h3 Bb7 13. f4 Nd7 14. Rf1 exf4
15. Bxf4 Ne5 16. Bxe5 dxe5 17. Qh5 Bf6 18. Qg4 Qe7 19. Ne2 g6 20. Ng3 Bg7 21.
Rf2 Rad8 22. Raf1 Bc8 23. Qf3 Be6 24. Qe3 Rd7 25. Nf5 gxf5 26. exf5 Bd5 27. f6
Bxf6 28. Bxh7+ Kxh7 29. Rxf6 Rh8 30. Qg5 Qf8 31. Qf5+ Kg8 32. Qxd7 Qg7 33. R1f2
Qg3 34. Qe8+ Kg7 35. Rxf7+ Bxf7 36. Qxf7+ Kh6 37. Rf6+ 1-0

[Event "XII Weekend B"]
[Site "Gorgonzola ITA"]
[Date "2007.11.18"]
[Round "6"]
[White "Villalba, Fernando"]
[Black "Chinnici, Giorgio"]
[Result "1/2-1/2"]
[WhiteElo "1891"]
[BlackElo "1770"]
[PlyCount "104"]
[EventDate "2007.11.10"]

1. d4 d5 2. Nf3 Nf6 3. Bf4 Bf5 4. h3 e6 5. e3 Nbd7 6. Be2 c5 7. c3 Be7 8. O-O
a6 9. Nbd2 O-O 10. Nh4 Re8 11. Nxf5 exf5 12. Bf3 c4 13. b3 b5 14. bxc4 bxc4 15.
Rb1 Ne4 16. Qc2 Nb6 17. Bxe4 fxe4 18. a4 Bd6 19. Bxd6 Qxd6 20. a5 Nd7 21. Rb4
Rab8 22. Rfb1 Rxb4 23. Rxb4 Rb8 24. Rxb8+ Qxb8 25. Qa4 Qb7 26. f3 f5 27. fxe4
fxe4 28. Qa3 Nf6 29. Kf1 Qf7 30. Kg1 Qb7 31. Kh2 Qc7+ 32. g3 h5 33. Kg2 Kf7 34.
Qb4 Nd7 35. Nf1 Nb8 36. Kf2 Nd7 37. Ke2 Ke6 38. Kd2 Qb8 39. Kc2 Qxb4 40. cxb4
Kd6 41. Kc3 Kc6 42. Nd2 Kb5 43. Nb1 Ka4 44. Nd2 Nb8 45. Nxc4 dxc4 46. Kxc4 Nd7
47. d5 Ne5+ 48. Kc5 Nd7+ 49. Kc4 Ne5+ 50. Kd4 Nd7 51. Kc4 Ne5+ 52. Kd4 Nd7
1/2-1/2

[Event "XII Weekend A"]
[Site "Gorgonzola ITA"]
[Date "2007.11.10"]
[Round "1"]
[White "Barberi, Alessandro"]
[Black "Gamboa, Miguel"]
[Result "0-1"]
[WhiteElo "2157"]
[BlackElo "2024"]
[PlyCount "54"]
[EventDate "2007.11.10"]

1. d4 Nf6 2. Nf3 g6 3. c4 Bg7 4. Nc3 O-O 5. e4 d6 6. Be2 e5 7. d5 a5 8. O-O Na6
9. b3 Bd7 10. Rb1 Nh5 11. g3 Bh3 12. Re1 h6 13. Nd2 Nf4 14. Bf1 Bxf1 15. Nxf1
Nh3+ 16. Kg2 Qd7 17. Bd2 Nc5 18. Qe2 Ng5 19. Bxg5 hxg5 20. Qd2 g4 21. Qg5 Kh7
22. Ne3 f5 23. exf5 gxf5 24. Rh1 Bh6 25. Qh4 Kg6 26. f4 gxf3+ 27. Kxf3 Bxe3 0-1

[Event "XII Weekend A"]
[Site "Gorgonzola ITA"]
[Date "2007.11.10"]
[Round "1"]
[White "Bemporad, Filippo"]
[Black "Cazzaniga, Walter"]
[Result "1/2-1/2"]
[WhiteElo "2082"]
[BlackElo "2167"]
[PlyCount "110"]
[EventDate "2007.11.10"]

1. d4 Nf6 2. Nf3 g6 3. c4 Bg7 4. Nc3 O-O 5. e4 d6 6. Be2 e5 7. O-O Nc6 8. d5
Ne7 9. Ne1 Ne8 10. Nd3 f5 11. Bd2 Nf6 12. f3 Kh8 13. Rc1 Neg8 14. c5 Bh6 15.
Kh1 Bxd2 16. Qxd2 f4 17. g4 Ne8 18. Kg2 h5 19. h3 Nh6 20. Rh1 Bd7 21. b4 Qe7
22. Qe1 Ng7 23. Qf2 Kg8 24. b5 hxg4 25. hxg4 Nxg4 26. Qh4 Ne3+ 27. Kf2 Qxh4+
28. Rxh4 Be8 29. Rg1 Kf7 30. Nxf4 exf4 31. Rxf4+ Ngf5 32. exf5 Nxf5 33. Bd3 Kf6
34. cxd6 cxd6 35. Rc4 Bf7 36. Rc1 Rh8 37. Rc7 Rh2+ 38. Ke1 Rah8 39. Ne4+ Ke5
40. Rxf7 Rh1+ 41. Kd2 R8h2+ 42. Be2 Rxe2+ 43. Kxe2 Rxc1 44. Kd2 Rh1 45. Nc3 Kd4
46. Kc2 Rh2+ 47. Kb3 Rf2 48. Rxb7 Rxf3 49. Rc7 g5 50. Kb4 g4 51. Rc4+ Kd3 52.
Rxg4 Ne3 53. Rg7 Nc2+ 54. Kb3 Nd4+ 55. Kb4 Nc2+ 1/2-1/2

[Event "XII Weekend A"]
[Site "Gorgonzola ITA"]
[Date "2007.11.10"]
[Round "1"]
[White "Bonazzi, Edoardo"]
[Black "Radice, Luca"]
[Result "0-1"]
[WhiteElo "2166"]
[BlackElo "2064"]
[PlyCount "72"]
[EventDate "2007.11.10"]

1. Nf3 f5 2. c4 Nf6 3. Nc3 d6 4. g3 g6 5. Bg2 Bg7 6. O-O O-O 7. d3 Nc6 8. Rb1
e5 9. b4 Bd7 10. b5 Ne7 11. c5 h6 12. cxd6 cxd6 13. Qb3+ Kh7 14. Ba3 Ne8 15.
Nd2 Rb8 16. Rfc1 Rf6 17. Nc4 Be6 18. Qb4 Nc8 19. Nd5 Rf7 20. Rc2 f4 21. Be4 Bf8
22. Nd2 Nb6 23. Nxb6 Qxb6 24. Bf3 fxg3 25. hxg3 d5 26. Qa4 Ng7 27. Rbc1 Nf5 28.
Bc5 Bxc5 29. Rxc5 Nd4 30. Kg2 Rbf8 31. Qb4 Nxe2 32. Rf1 Nd4 33. Bd1 a5 34. Qc3
Nxb5 35. Qc1 Nd6 36. Bb3 Nc4 0-1

[Event "XII Weekend A"]
[Site "Gorgonzola ITA"]
[Date "2007.11.10"]
[Round "1"]
[White "Brunello, Marina"]
[Black "Berni, Fabrizio"]
[Result "1/2-1/2"]
[WhiteElo "2012"]
[BlackElo "2156"]
[PlyCount "64"]
[EventDate "2007.11.10"]

1. e4 c5 2. c3 d5 3. exd5 Qxd5 4. d4 Nf6 5. Nf3 e6 6. Bd3 Nc6 7. O-O Be7 8.
dxc5 O-O 9. Bg5 Rd8 10. Bc2 Qxc5 11. Qe2 Bd7 12. Nbd2 h6 13. Bxf6 Bxf6 14. Ne4
Qe7 15. Nxf6+ Qxf6 16. Rae1 g6 17. Qe3 Kg7 18. Bb1 a6 19. h3 Ne7 20. Kh1 Bb5
21. Rg1 Bc6 22. Ne5 h5 23. c4 Rd6 24. Rd1 Rad8 25. Rxd6 Rxd6 26. Nd3 Nf5 27.
Qe2 Rd4 28. Ne5 Be4 29. Nf3 Bxb1 30. Rxb1 Rd7 31. b3 Qc3 32. Qb2 Rd1+ 1/2-1/2

[Event "XII Weekend A"]
[Site "Gorgonzola ITA"]
[Date "2007.11.10"]
[Round "1"]
[White "Locatelli, Andrea"]
[Black "Vancini, Edoardo"]
[Result "1/2-1/2"]
[WhiteElo "2130"]
[BlackElo "2290"]
[PlyCount "59"]
[EventDate "2007.11.10"]

1. e4 c5 2. Nf3 e6 3. d4 cxd4 4. Nxd4 Nc6 5. Nb5 d6 6. Bf4 e5 7. Be3 a6 8. N5c3
Nf6 9. Bg5 Be7 10. Bxf6 Bxf6 11. Nd2 Be6 12. Bc4 b5 13. Bb3 Nd4 14. Nd5 Nxb3
15. Nxb3 Rc8 16. c3 Bg5 17. Qd3 Rc4 18. Rd1 O-O 19. Nd2 Bxd2+ 20. Rxd2 Qh4 21.
O-O Bxd5 22. Qxd5 Qxe4 23. Qxe4 Rxe4 24. Rxd6 Re2 25. Rfd1 Rxb2 26. Rxa6 g6 27.
g3 Rc8 28. Rd7 e4 29. Rf6 e3 30. Rfxf7 1/2-1/2

[Event "XII Weekend A"]
[Site "Gorgonzola ITA"]
[Date "2007.11.10"]
[Round "1"]
[White "Pedini, Dario"]
[Black "Facchetti, Gianni"]
[Result "1-0"]
[WhiteElo "2053"]
[BlackElo "2160"]
[PlyCount "53"]
[EventDate "2007.11.10"]

1. e4 e5 2. Nf3 Nc6 3. Bc4 Be7 4. d4 d6 5. h3 Nf6 6. Nc3 O-O 7. Bb3 exd4 8.
Nxd4 Nxd4 9. Qxd4 c6 10. a4 Nd7 11. Bf4 Nc5 12. Rd1 Qb6 13. O-O Rd8 14. e5 d5
15. Be3 Qa5 16. Ba2 Ne6 17. Qd2 d4 18. Nd5 Qc5 19. Nxe7+ Qxe7 20. Bxe6 Bxe6 21.
Bg5 f6 22. exf6 gxf6 23. Bh4 Qg7 24. Kh2 Bd5 25. f3 c5 26. Qf4 Rf8 27. Qd6 1-0

[Event "XII Weekend A"]
[Site "Gorgonzola ITA"]
[Date "2007.11.10"]
[Round "1"]
[White "Piantoni, Roberto"]
[Black "Salvador, Roland"]
[Result "0-1"]
[WhiteElo "2141"]
[BlackElo "2456"]
[PlyCount "120"]
[EventDate "2007.11.10"]

1. Nf3 Nf6 2. d4 e6 3. c4 c5 4. e3 d5 5. Nc3 cxd4 6. exd4 Bb4 7. cxd5 Nxd5 8.
Bd2 O-O 9. Bc4 b6 10. O-O Bb7 11. Rc1 Nf6 12. a3 Be7 13. Re1 Nc6 14. Be3 Rc8
15. Ba2 Na5 16. Ne5 Bd6 17. Bg5 h6 18. Bh4 Nc6 19. Nxf7 Rxf7 20. Rxe6 g5 21.
Ne4 Nxe4 22. Qh5 Ne7 23. Re1 Nf5 24. Rg6+ Kf8 25. Bxf7 Nf6 26. Ba2 Qe7 27. Qd1
Nxh4 28. Rxe7 Bxe7 29. Rxh6 Kg7 30. Rxh4 gxh4 31. f3 Bd5 32. Bb1 Rd8 33. Qe1
Ng8 34. Qe5+ Bf6 35. Qc7+ Kf8 36. Kf1 Bf7 37. Be4 Rxd4 38. Qb8+ Kg7 39. Qxa7 b5
40. Ke2 Ne7 41. Bd3 Rd5 42. b4 Nc6 43. Qb7 Ne5 44. Be4 Rd7 45. Qc8 Bc4+ 46. Ke1
h3 47. g3 Be6 48. Qe8 Bf7 49. Qc8 Re7 50. Kf2 Be6 51. Qc2 Bc4 52. f4 Nf7 53.
Kf3 Bf1 54. Kf2 Bc4 55. Kf3 Nd6 56. Bd3 Be6 57. g4 Bd5+ 58. Kf2 Bh4+ 59. Kg1
Re1+ 60. Bf1 Bg2 0-1

[Event "XII Weekend A"]
[Site "Gorgonzola ITA"]
[Date "2007.11.10"]
[Round "1"]
[White "Sbarra, Marco"]
[Black "Crippa, Gabriele"]
[Result "1-0"]
[WhiteElo "2220"]
[BlackElo "2087"]
[PlyCount "45"]
[EventDate "2007.11.10"]

1. d4 d6 2. Nf3 Nf6 3. c4 Bf5 4. Qb3 Qc8 5. Nc3 g6 6. Bg5 Bg7 7. e3 Ne4 8. Nxe4
Bxe4 9. Bd3 Bxd3 10. Qxd3 e5 11. c5 O-O 12. cxd6 cxd6 13. O-O Re8 14. Rac1 Nc6
15. Qb3 e4 16. Nd2 Qf5 17. Bh4 Nxd4 18. exd4 Qf4 19. Rc7 d5 20. Bg3 Qxd2 21.
Qxd5 Rf8 22. Rxb7 Bxd4 23. Rd7 1-0

[Event "XII Weekend A"]
[Site "Gorgonzola ITA"]
[Date "2007.11.10"]
[Round "1"]
[White "Scalcione, Michelangelo"]
[Black "Barlocco, Carlo"]
[Result "1-0"]
[WhiteElo "2357"]
[BlackElo "2134"]
[PlyCount "127"]
[EventDate "2007.11.10"]

1. Nf3 d5 2. d4 Bf5 3. c4 e6 4. Nc3 c6 5. Qb3 Qb6 6. c5 Qxb3 7. axb3 Na6 8. Bf4
Nf6 9. e3 Nb4 10. Kd2 Be7 11. Ra4 a5 12. Bc7 Bd8 13. Bxd8 Kxd8 14. Ne5 Ke7 15.
Be2 Nd7 16. Nxd7 Kxd7 17. Rha1 Nc2 18. Rc1 Nb4 19. Ra3 Kc7 20. Na4 Ra7 21. Nb6
Kb8 22. f3 f6 23. Bd1 e5 24. Rca1 exd4 25. exd4 Bd3 26. Rxa5 Rxa5 27. Rxa5 Ba6
28. Ra4 Nd3 29. Rxa6 bxa6 30. Kxd3 a5 31. Kd2 Kb7 32. Bc2 h5 33. h4 g5 34. Nd7
Rh6 35. Bf5 gxh4 36. Nf8 Kc7 37. Ne6+ Kb8 38. Kc3 Rh8 39. Bh3 Ka7 40. Ng7 Rh7
41. Nf5 Ka6 42. Nxh4 Re7 43. Kd2 Ra7 44. Nf5 Kb5 45. Kc3 Ka6 46. Nd6 Rg7 47. b4
axb4+ 48. Kxb4 Rg8 49. Kc3 Ka7 50. b4 Kb8 51. b5 cxb5 52. Kb4 Kc7 53. Nxb5+ Kc6
54. Nd6 Rb8+ 55. Kc3 Ra8 56. Nf5 Ra7 57. Kd2 Kb5 58. Ke3 Kc4 59. Nd6+ Kb4 60.
Kf4 Ra3 61. Be6 Ra2 62. c6 Rc2 63. Bxd5 Ka5 64. Nc4+ 1-0

[Event "XII Weekend A"]
[Site "Gorgonzola ITA"]
[Date "2007.11.11"]
[Round "2"]
[White "Barlocco, Carlo"]
[Black "Bonazzi, Edoardo"]
[Result "0-1"]
[WhiteElo "2134"]
[BlackElo "2166"]
[PlyCount "116"]
[EventDate "2007.11.10"]

1. d4 d5 2. Bf4 Nf6 3. e3 Bf5 4. c4 c6 5. Nc3 e6 6. Qb3 Qc8 7. h3 Be7 8. Rc1
Nbd7 9. cxd5 exd5 10. g4 Be6 11. Bg2 h6 12. Nf3 O-O 13. O-O Ne4 14. Rfd1 Nxc3
15. Qxc3 a5 16. a3 a4 17. Ne1 Qd8 18. Nd3 Qa5 19. Nb4 Rfd8 20. e4 Nf6 21. exd5
Bxd5 22. Re1 Rd7 23. Nxd5 Nxd5 24. Bxd5 Qxd5 25. Re5 Qa2 26. Rce1 Bf6 27. Re8+
Rxe8 28. Rxe8+ Kh7 29. Be5 Qb1+ 30. Kh2 Qe4 31. Kg1 Bxe5 32. Rxe5 Qxd4 33. Qxd4
Rxd4 34. Re7 b5 35. Rxf7 Rd2 36. Rc7 Rc2 37. Kg2 c5 38. Kg3 c4 39. f4 Rxb2 40.
f5 Kg8 41. h4 c3 42. g5 hxg5 43. hxg5 c2 44. Kg4 b4 45. Kh5 bxa3 46. Kg6 Kf8
47. Rc8+ Ke7 48. Kxg7 a2 49. f6+ Kd7 50. f7 a1=Q 51. Rd8+ Kxd8 52. f8=Q+ Kd7
53. Qf7+ Kd6 54. Qf8+ Kd5 55. Qf7+ Kc5 56. Qf8+ Kc4 57. Qf7+ Kb4 58. Qe7+ Kb3
0-1

[Event "XII Weekend A"]
[Site "Gorgonzola ITA"]
[Date "2007.11.11"]
[Round "2"]
[White "Brunello, Marina"]
[Black "Locatelli, Andrea"]
[Result "1-0"]
[WhiteElo "2012"]
[BlackElo "2130"]
[PlyCount "71"]
[EventDate "2007.11.10"]

1. e4 c5 2. c3 Nf6 3. e5 Nd5 4. d4 cxd4 5. Nf3 e6 6. cxd4 b6 7. Bd3 Bb7 8. Nc3
Nxc3 9. bxc3 d6 10. O-O Be7 11. Bd2 O-O 12. Qe2 dxe5 13. Nxe5 Nd7 14. f4 Nf6
15. Rae1 g6 16. f5 exf5 17. Bh6 Be4 18. Bxf8 Bxf8 19. Bxe4 Nxe4 20. Qc4 Nd6 21.
Qd3 Rc8 22. Rd1 Ne4 23. c4 f6 24. Nf3 Bh6 25. Rfe1 Qc7 26. Kf1 Qf4 27. c5 bxc5
28. dxc5 Bf8 29. c6 Bd6 30. g3 Qg4 31. Kg2 Rd8 32. c7 Rc8 33. Qc4+ Kg7 34. Rxd6
Nxd6 35. Re7+ Kf8 36. Qe6 1-0

[Event "XII Weekend A"]
[Site "Gorgonzola ITA"]
[Date "2007.11.11"]
[Round "2"]
[White "Cazzaniga, Walter"]
[Black "Berni, Fabrizio"]
[Result "1-0"]
[WhiteElo "2167"]
[BlackElo "2156"]
[PlyCount "71"]
[EventDate "2007.11.10"]

1. d4 d5 2. c4 e6 3. Nc3 Nf6 4. Bg5 Nbd7 5. cxd5 exd5 6. e3 Be7 7. Nf3 c6 8.
Bd3 O-O 9. Qc2 Re8 10. O-O-O c5 11. dxc5 Nxc5 12. Bb5 Rf8 13. Bxf6 Bxf6 14.
Nxd5 Be6 15. Nxf6+ Qxf6 16. Nd4 Bxa2 17. b4 a6 18. Be2 Qxf2 19. bxc5 Qxe3+ 20.
Kb2 Bd5 21. Bf3 Bxf3 22. gxf3 Rfd8 23. Rhe1 Qf4 24. Re4 Qg5 25. Rde1 g6 26. Re5
Qf6 27. Qc3 Qf4 28. R1e4 Qxh2+ 29. Kb3 Qg1 30. Re7 Qd1+ 31. Ka3 b5 32. cxb6
Rab8 33. b7 h6 34. Nb3 Qd5 35. Qc4 Qf5 36. Qc7 1-0

[Event "XII Weekend A"]
[Site "Gorgonzola ITA"]
[Date "2007.11.11"]
[Round "2"]
[White "Crippa, Gabriele"]
[Black "Barberi, Alessandro"]
[Result "0-1"]
[WhiteElo "2087"]
[BlackElo "2157"]
[PlyCount "108"]
[EventDate "2007.11.10"]

1. b3 e5 2. Bb2 d6 3. e3 g6 4. d4 Nd7 5. Nd2 Bg7 6. Ngf3 Ne7 7. dxe5 Nxe5 8.
Nxe5 dxe5 9. Nf3 Qxd1+ 10. Rxd1 f6 11. Bb5+ c6 12. Be2 Bd7 13. Nd2 O-O-O 14.
Ba3 Nd5 15. Ne4 Bf8 16. Bb2 Bf5 17. Bf3 Be7 18. a3 b5 19. O-O g5 20. Nc3 Nxc3
21. Rxd8+ Rxd8 22. Bxc3 Bxc2 23. Ba5 Rd3 24. Be4 Rxb3 25. Bxc2 Rxa3 26. Bd2 h6
27. f4 exf4 28. exf4 Kc7 29. Bf5 Bc5+ 30. Kh1 a5 31. fxg5 hxg5 32. Be4 Bd4 33.
Rd1 c5 34. Be1 a4 35. Ba5+ Kd6 36. g3 Re3 37. Bc2 a3 38. Bd2 Rf3 39. Be4 Rb3
40. Bc2 Rb2 41. Bh7 a2 42. Bc3 a1=Q 43. Rxa1 Bxc3 44. h4 gxh4 45. gxh4 c4 46.
h5 Be5 47. Rd1+ Kc5 48. Bg6 b4 49. Kg1 Rh2 50. Bf7 Rh4 51. Rd5+ Kc6 52. Rd8 c3
53. Kg2 c2 54. Bd5+ Kc7 0-1

[Event "XII Weekend A"]
[Site "Gorgonzola ITA"]
[Date "2007.11.11"]
[Round "2"]
[White "Facchetti, Gianni"]
[Black "Piantoni, Roberto"]
[Result "1-0"]
[WhiteElo "2160"]
[BlackElo "2141"]
[PlyCount "77"]
[EventDate "2007.11.10"]

1. e4 c6 2. d4 d5 3. f3 e6 4. Nc3 Bb4 5. Bf4 Nf6 6. Qd3 Qa5 7. Bd2 b6 8. Qe3
O-O 9. a3 c5 10. e5 cxd4 11. Qxd4 Nc6 12. Qh4 d4 13. exf6 dxc3 14. Bd3 g6 15.
Qh6 Qe5+ 16. Kf1 Qxf6 17. Bg5 Qh8 18. axb4 cxb2 19. Rb1 Nxb4 20. Qh4 Nd5 21.
Ne2 f5 22. Qd4 Qxd4 23. Nxd4 Kg7 24. Rxb2 h6 25. Bd2 Rd8 26. Nc6 Rd6 27. Ne5
Bb7 28. Kf2 Rc8 29. Bxh6+ Kf6 30. Nc4 Rd7 31. h4 Nc3 32. Bg5+ Kg7 33. Bf4 Na4
34. Be5+ Kg8 35. Ra2 Nc5 36. Nd6 Nxd3+ 37. cxd3 Rc5 38. d4 Rc6 39. Rxa7 1-0

[Event "XII Weekend A"]
[Site "Gorgonzola ITA"]
[Date "2007.11.11"]
[Round "2"]
[White "Gamboa, Miguel"]
[Black "Sbarra, Marco"]
[Result "1/2-1/2"]
[WhiteElo "2024"]
[BlackElo "2220"]
[PlyCount "111"]
[EventDate "2007.11.10"]

1. d4 d5 2. Nf3 e6 3. c4 c5 4. e3 Nc6 5. Nc3 Nf6 6. Be2 a6 7. cxd5 exd5 8. O-O
Ne4 9. Nxe4 dxe4 10. Nd2 Bf5 11. dxc5 Bxc5 12. Nb3 Bd6 13. Nd4 Nxd4 14. exd4
Qc7 15. g3 O-O 16. Re1 Rac8 17. Qb3 b5 18. a4 Qa5 19. Be3 b4 20. Rec1 Rxc1+ 21.
Bxc1 Bc8 22. Be3 h6 23. Bc4 Qf5 24. Rc1 Kh8 25. Bxf7 Bb7 26. Be6 Qf3 27. Qd1
Re8 28. Qxf3 exf3 29. Bc4 h5 30. Bf7 Rf8 31. Bxh5 Be4 32. Bg4 a5 33. Be6 Re8
34. Bc4 b3 35. Bxb3 Rb8 36. Bc2 Bd5 37. b3 Bxb3 38. Bxb3 Rxb3 39. Ra1 Kg8 40.
h4 Bxg3 41. fxg3 Rxe3 42. Kf2 Rd3 43. g4 Kf7 44. Kg3 Rxd4 45. Kxf3 Rb4 46. Ra3
Kg6 47. Kg3 Kh6 48. Kh3 Kg6 49. h5+ Kh6 50. Rc3 Rxa4 51. Rc6+ Kh7 52. Ra6 Ra1
53. Kh4 a4 54. Kg5 a3 55. Ra7 a2 56. h6 1/2-1/2